Cultura y educación
Gespeichert in:
| 1. Verfasser: | |
|---|---|
| Format: | Buch |
| Sprache: | Spanisch |
| Veröffentlicht: |
Buenos Aires
Universidad de Buenos Aires
1987
|
| Ausgabe: | 2a. ed |
| Schriftenreihe: | Cuadernos del Congreso Pedagógico, 1
|
| Schlagworte: | |
| Tags: |
Tag hinzufügen
Keine Tags, Fügen Sie den ersten Tag hinzu!
|
MARC
| LEADER | 00000nam a2200000 a 4500 | ||
|---|---|---|---|
| 001 | UCK9001 | ||
| 003 | CL-VaPUC | ||
| 008 | 060413e19870000AG |||||||||||||||||spa|d | ||
| 020 | |a 9502303040 | ||
| 082 | 0 | 4 | |a 370.1 |b SAB |2 21 |
| 100 | |a Sabato, Ernesto |e author |9 322691 | ||
| 245 | 1 | 0 | |a Cultura y educación |
| 250 | |a 2a. ed | ||
| 300 | |a 47 p | ||
| 942 | |c BK | ||
| 945 | |d 20060413 00:00:00 |a cmena | ||
| 260 | |a Buenos Aires |b Universidad de Buenos Aires |c 1987 | ||
| 650 | 0 | |a Filosofía de la educación |9 258384 | |
| 650 | 0 | |a Desarrollo cultural |9 267526 | |
| 650 | 0 | |a Escuelas filosóficas |9 266232 | |
| 650 | 0 | |a Ensayos argentinos |9 269128 | |
| 583 | |a last modification |c 20060413 00:00:00 |k Rodrigo Vera | ||
| 490 | 0 | |a Cuadernos del Congreso Pedagógico, 1 | |
| 999 | |c 316356 |d 316354 | ||
| 952 | |0 0 |1 0 |4 0 |6 370_100000000000000_SAB_1987 |7 0 |8 A |9 390667 |a BIBEDU |b BIBEDU |d 2019-11-22 |i 4190483 |o 370.1 SAB 1987 |p 4190483 |r 2019-11-22 |w 2019-11-22 |y BK |k LIT | ||